| 000 | 00350nam a22001337a 4500 | ||
|---|---|---|---|
| 020 | _a9780439944526 | ||
| 040 | _cNUST | ||
| 082 |
_a823-CH _bARN |
||
| 100 |
_aArnold, Nick _981927 |
||
| 110 |
_aSaulles, Tony De _981928 |
||
| 245 | _a Ugly Bugs Horrible Science Not A Pretty Sight | ||
| 260 |
_aLondon: _bScholastic Ltd , _c2008. |
||
| 942 |
_2ddc _cBK |
||
| 999 |
_c586290 _d586290 |
||